| 000 | 01065nam a2200289 i 4500 | ||
|---|---|---|---|
| 001 | bg | ||
| 245 | 0 | 0 |
_aZarządzanie jakością : _bpraca zbiorowa / _cpod red. Jana Bagińskiego. |
| 260 |
_aWarszawa : _bOficyna Wydawnicza Politechniki Warszawskiej, _c2004. |
||
| 300 |
_a444 s. : _bfot., portr., rys., tab., wykr. ; _c24 cm. |
||
| 504 | _aBibliogr. przy rozdz. | ||
| 650 | 9 |
_aCertyfikacja zgodności _zPolska _yod 1989 r. |
|
| 650 | 9 |
_aCertyfikacja zgodności _xUnia Europejska |
|
| 650 | 9 | _aZarządzanie jakością | |
| 650 | 9 |
_aZarządzanie jakością _zPolska _yod 1989 r. |
|
| 650 | 9 |
_aZarządzanie jakością _xUnia Europejska |
|
| 655 | _aPodręczniki akademickie | ||
| 700 | 1 |
_aBAGIŃSKI, Jan. _eRed. |
|
| 015 | _aPB 20012/2004 | ||
| 020 | _a8372074798 | ||
| 040 | _cBPK | ||
| 041 | 0 | _apol | |
| 080 | _a658.56.012:006.3/.8](4-67:438)"1989/..."(075.8) | ||
| 920 | _a83-7207-479-8 | ||
| 942 | _cKS | ||
| 008 | s pl f |000 0 pol | ||
| 999 |
_c46154 _d46154 |
||
| 856 |
_uhttp://koha.tu.koszalin.pl/cgi-bin/koha/opac-detail.pl?biblionumber=46154 _yKatalog online BPK |
||